Introducción (notice n° 1806441)

détails MARC
000 -LEADER
fixed length control field 02284cam a2200193 4500500
005 - DATE AND TIME OF LATEST TRANSACTION
control field 20260329001541.0
041 ## - LANGUAGE CODE
Language code of text/sound track or separate title fre
042 ## - AUTHENTICATION CODE
Authentication code dc
100 10 - MAIN ENTRY--PERSONAL NAME
Personal name Uribe López, Mauricio
Relator term author
245 00 - TITLE STATEMENT
Title Introducción
260 ## - PUBLICATION, DISTRIBUTION, ETC.
Date of publication, distribution, etc. 2023.<br/>
500 ## - GENERAL NOTE
General note 59
520 ## - SUMMARY, ETC.
Summary, etc. El auge de los populismos de extrema derecha en el último tiempo amerita una indagación acerca de las características de la ideología reaccionaria. Una forma de aproximarse a esta es a través del pensamiento de sus principales autores. Nicolás Gómez Dávila es el mejor representante del pensamiento reaccionario en la filosofía latinoamericana, de modo que, a partir del análisis de algunos de sus escritos y siguiendo la propuesta de Richard Shorten para identificar lo reaccionario con base en tres pilares retóricos : decadencia (logos), conspiración (ethos) e indignación (pathos), este artículo enfatiza algunas características propias de la ideología reaccionaria que la distinguen del conservadurismo, ilustrando esas diferencias con la retórica de algunos líderes reaccionarios que antecedieron a Nicolás Gómez Dávila en la Colombia del siglo XX.
520 ## - SUMMARY, ETC.
Summary, etc. The recent political upheavals caused by the far-Right populisms deserve a close examination of the main traits of reactionary ideology. Studying the thought of reactionary writers is a suitable way to understand this ideology. Nicolás Gómez Dávila is considered the most important reactionary thinker in the Latin-American philosophy milieu. Scrutinizing some of his writings through the lenses of Richard Shorten’s proposal, id est, using three rhetorical pillars: decadency (logos), conspiracy (ethos) and indignation (pathos), this article emphasizes some of the reactionary ideology’s characteristics which, in turn, tell us about the differences between reaction and conservatism. Those differences are exemplified by the rhetoric of some reactionary leaders who predate Nicolás Gómez Dávila in the twenty-century Colombia.
700 10 - ADDED ENTRY--PERSONAL NAME
Personal name Piedrahíta Ramírez, Luis Felipe
Relator term author
700 10 - ADDED ENTRY--PERSONAL NAME
Personal name Sánchez Marín, Leandro
Relator term author
786 0# - DATA SOURCE ENTRY
Note Araucaria | 54 | 3 | 2023-11-06 | p. 161-164 | 1575-6823
856 41 - ELECTRONIC LOCATION AND ACCESS
Uniform Resource Identifier <a href="https://shs.cairn.info/revista-araucaria-2023-3-page-161?lang=es&redirect-ssocas=7080">https://shs.cairn.info/revista-araucaria-2023-3-page-161?lang=es&redirect-ssocas=7080</a>

Pas d'exemplaire disponible.

PLUDOC

PLUDOC est la plateforme unique et centralisée de gestion des bibliothèques physiques et numériques de Guinée administré par le CEDUST. Elle est la plus grande base de données de ressources documentaires pour les Étudiants, Enseignants chercheurs et Chercheurs de Guinée.

Adresse

627 919 101/664 919 101

25 boulevard du commerce
Kaloum, Conakry, Guinée

Réseaux sociaux

Powered by Netsen Group @ 2025